000 00854nac a22002777a 4500
001 BR8801757
003 BR-BrBNA
005 20240105120735.0
008 230509b bl.|||m| |||| 00| 0 por d
040 _aBR-BrBNA
_bpor
_cBiblioteca Nacional de Agricultura
072 _aF63
090 _a3295 BR8801757
100 1 _aNeves, L. de J.
100 1 _aIsaias, R.M. dos S.
245 1 _aOcorrencia de agente galhador em flores de Ficus microcarpa L.R.
260 3 _aRio de Janeiro, RJ (Brasil):
_bHerbarium Bradeanum,
_c1987.
300 _a3 p.
490 _aBradea (Brazil)
_vv. 4(40)
_xISSN 0084-800X
500 _aSummaries (En, Pt); 5 ref.; 6 illus.
650 _aARVORE ORNAMENTAL
650 _aFLOR
650 _aPOLINIZACAO
650 _aINSETO POLINIZADOR
909 _a202312
_bLúcia Elande
_c55
_dLúcia Elande
942 _2AGRIS
_n0
_cMS
999 _c281167
_d281167